Amalan penyoalan lisan guru kimia dalam pengajaran dan pembelajaran elektrokimia /
Saved in:
| 主要作者: | |
|---|---|
| 格式: | Thesis 圖書 |
| 語言: | Malay |
| 出版: |
2011.
|
| 主題: | |
| 在線閱讀: | http://studentsrepo.um.edu.my/id/eprint/3541 |
| 標簽: |
添加標簽
沒有標簽, 成為第一個標記此記錄!
|
| LEADER | 01120cam a2200277 a 4500 | ||
|---|---|---|---|
| 001 | u852332 | ||
| 003 | SIRSI | ||
| 005 | 201203020937 | ||
| 008 | 120302s2011 my a t 000 0 may m | ||
| 040 | |a UMM | ||
| 090 | |a LB7 |b UMP 2011 Zanhi | ||
| 100 | 0 | |a Zanaton Haji Iksan. | |
| 245 | 1 | 0 | |a Amalan penyoalan lisan guru kimia dalam pengajaran dan pembelajaran elektrokimia / |c Zanaton Haji Iksan. |
| 260 | |c 2011. | ||
| 300 | |a [2] xvii, 427 leaves : |b ill. ; |c 30 cm. | ||
| 502 | |a Thesis (Ph.D) -- Fakulti Pendidikan, Universiti Malaya, 2011. | ||
| 504 | |a Bibliography: leaves 366-382. | ||
| 530 | |a Also issued in CD. | ||
| 650 | 0 | |a Chemistry |x Study and teaching (Secondary) |z Malaysia. | |
| 650 | 0 | |a Chemistry teachers |z Malaysia. | |
| 710 | 2 | |a Universiti Malaya. |b Fakulti Pendidikan. | |
| 856 | 4 | 1 | |u http://studentsrepo.um.edu.my/id/eprint/3541 |
| 900 | |a NHS | ||
| 596 | |a 1 8 | ||
| 999 | |a LB7 UMP 2011 ZANHI |w LC |c 1 |i A514968654 |d 25/9/2019 |e 25/9/2019 |f 14/5/2012 |g 1 |l STACKS |m P01UTAMA |n 22 |r Y |s Y |t TESIS |u 14/5/2012 | ||
| 999 | |a LB7 UMP 2011 ZANHI |w LC |c 1 |i A516378385 |f 23/7/2020 |g 1 |l STACKS |m P08PENDIDI |r Y |s Y |t TESIS |u 29/1/2016 |1 AHSS | ||
